[Event "FIDE World Cup"]
[Site "Khanty-Mansiysk"]
[Date "2005.12.02"]
[Round "2.4"]
[White "Radjabov, Teimour"]
[Black "Kazhgaleyev, Murtas"]
[Result "1/2-1/2"]
[WhiteElo "2704"]
[BlackElo "2602"]
[Annotator "Kritz,L"]
[PlyCount "119"]
[EventDate "2005.11.27"]
[EventType "k.o."]
[EventRounds "7"]
[EventCountry "RUS"]
[SourceTitle "CBM 111"]
[Source "ChessBase"]
[SourceDate "2006.04.04"]
[SourceVersion "1"]
[SourceVersionDate "2006.04.04"]
[SourceQuality "1"]

1. e4 c5 2. Nf3 e6 3. d4 cxd4 4. Nxd4 a6 5. Nc3 b5 {andere Hauptfortsetzungen
sind} (5... Qc7 6. Bd3 Nf6 (6... Nc6 7. Nxc6 dxc6 8. O-O e5 9. f4 Bc5+ 10. Kh1
Nf6 11. f5 h5 12. Qf3 Ng4 13. Bg5 $14 {Diese Variante wird sehr oft von dem
lettischen GM Normunds Miezis gespielt. Seine Partien kann man als Beispiel
für das schwarze Spiel nehmen, allerdings bleibt die Stellung trotzdem besser
für Weiß.}) (6... Bb4 {Macht wenig Sinn, da das Nehmen auf c3 sehr gefährlich
ist:} 7. O-O Bxc3 (7... Nf6 8. Bd2 Be7 9. Qe2 $16 {De Firmian - Forsaa 
(Politiken Cup, 2005)}) 8. bxc3 Qxc3 9. Rb1 $1 Ne7 (9... Qxd4 10. Bb2 Qc5 11.
Bxg7 $18) 10. Bb2 Qc7 11. Qg4 Ng6 12. e5 b5 13. f4 $16) 7. O-O Be7 (7... d6 8.
Qe2 $14) 8. Kh1 Nc6 (8... O-O 9. f4 d6 10. Qf3 $16 {Es entsteht typische
Scheweningenstellung, wo Schwarz sich schon mit dem Zug Dc7 festgelegt hat und
Weiß statt Le2-Lf3/Ld3 sofort Ld3 gezogen hat und damit ein Tempo gewonnen hat,
was in solch scharfen Stellungen sehr stark die Stellungsbewertung
beeinflüssen kann.}) 9. Nxc6 $1 (9. Be3 $6 Nxd4 10. Bxd4 Bc5 $5 (10... e5 11.
Be3 Bc5 12. Bg5 Bd4 13. Bxf6 Bxc3 14. Bxg7 Rg8 15. bxc3 Rxg7 16. Qh5 $16) 11.
Bxc5 Qxc5 12. f4 d6 13. Qe1 e5 $132 {Schwarz hat zwar ein Zug Zeit verloren,
aber diese Stellung ist nicht temporär, vielleicht kann man sich hier noch
erfolgreich verteidigen.}) 9... bxc6 {Ähnliche Stellungen erhält man in der
Variante 1.e4 c5.2.Sf3 e6.3.d4 cd.4.Sd4 a6.5.Sc3 Sc6.6.Sc6 bc.7.Ld3. Der Zug
Dc7 ist hier nicht unbedingt notwendig.} (9... dxc6 10. f4 e5 11. f5 $16 {
Erneut entsteht ähnliche Struktur wie in Miezis-Variante, nur statt den Läufer
auf c5 zu entwickeln, steht er jetzt passiv auf e7.}) 10. b3 O-O 11. Bb2 d5 (
11... e5 $6 12. f4 d6 13. Qf3 $14 {Gashimov - Ahlander (Saint Vincent, 2005)
Jetzt hat sich der weiße Aufbau gelohnt - nach Nd1-e3 ist der Läufer b2 sehr
aktiv.}) 12. f4 (12. e5 $6 Qxe5 13. f4 Qc7 14. Ne2 Ng4 $1 15. Qe1 Bf6 $17)
12... c5 13. e5 Nd7 14. Qh5 g6 15. Qh3 Bb7 $132) 6. Bd3 d6 (6... Qb6 {wird
öfters gespielt} 7. Nb3 (7. Be3 Bc5 8. Be2 Nc6 9. Nxc6 dxc6 $1 (9... Bxe3 10.
fxe3 dxc6 11. Qd4 $1 {xg7} Qxd4 12. exd4 $14 {Wegen dem starken Zentrum steht
Weiß angenehmer.}) 10. Bxc5 (10. Qd6 $5 Bxd6 $1 (10... Bxe3 11. fxe3 Ra7 12.
O-O-O Rd7 (12... Qxe3+ 13. Kb1 $16) 13. Qg3 $14) 11. Bxb6 e5 12. O-O-O Ke7 $11)
10... Qxc5 11. f4 e5 12. f5 Nf6 13. Qd3 Bd7 14. Qg3 Qe7 $1 15. O-O-O O-O-O $11)
7... Qc7 8. O-O Nf6 9. Qe2 d6 10. Bd2 Be7 11. a4 (11. f4 Bb7 12. Kh1 O-O 13.
Rae1 Nbd7 $132 {Das ist die alte "klassische" Stellung mit Chancen für beide
Seiten.}) 11... b4 12. Na2 a5 13. c3 bxc3 14. Nxc3 $14) 7. O-O Nf6 8. a4 (8.
Qe2 {ist auch möglich} Be7 9. a4 {Das zwar gut spielbar, jedoch nicht ganz
folgerichtig. Wenn man schon 8.Qe2 spielt, dann sollte man versuchen, im
Zentrum und am Königsflügel zu spielen:} (9. Bd2 Bb7 10. Rae1 O-O 11. Kh1 Nbd7
12. f4 $14) 9... b4 10. Na2 Qb6 11. Be3 Qb7 12. Bg5 h6 $5 13. Bh4 g5 14. Bg3 e5
$5 {sehr interessante Idee - der weiße Läufer g3 wird für kurze Zeit aus dem
Spiel ausgeschloßen und Schwarz bekommt gutes Spiel.} 15. Nf5 Bxf5 16. exf5 e4
$132 {Smirin - Arencibia (Khanty Mansiysk, 2005)}) 8... b4 9. Na2 Qb6 (9... e5
{ist die andere Möglichkeit} 10. Nb3 (10. Nf5 $6 Bxf5 $1 {Man muss hier keine
Angst davor haben, den Läufer zu geben - die schwarze Überlegenheit im Zentrum
kompensiert es völlig.} (10... d5 $5 11. exd5 (11. Qf3 $5 $14) 11... e4 12. Nd4
exd3 13. Re1+ Be7 14. Nxb4 $44) 11. exf5 d5 (11... Nc6 12. c3 bxc3 13. Nxc3 d5
14. Bg5 Be7 15. Bc2 Nb4 16. Bb3 d4 17. Bxf6 Bxf6 18. Ne4 $14) 12. Re1 e4 13. c3
Be7 14. Bf1 bxc3 15. Nxc3 Qd6 16. Bg5 Nbd7 $132) 10... Nc6 (10... d5 11. Bg5
Bb7 12. exd5 Qxd5 13. f3 Nbd7 (13... Be7 14. c4 bxc3 (14... Qe6 15. Qc2 $14)
15. Nxc3 Qe6 16. Be3 $14) 14. Qe1 Qd6 (14... a5 15. Rd1 $14) 15. Rd1 $14) 11.
Bd2 Qb6 (11... d5 12. Qe1 Qd6 13. Na5 $3 $14) 12. a5 Qb7 13. Bg5 Be7 14. Bxf6
Bxf6 15. Bc4 Qc7 16. c3 $14) 10. Be3 (10. a5 $5 Qxa5 11. Bd2 (11. c3 $5 bxc3 (
11... Bb7 12. cxb4 Qc7 13. Nc3 $14) 12. Nxc3 Qd8 (12... Qxa1 13. Nb3 $16) (
12... Qb6 13. Be3 $14) 13. Be3 Be7 14. Bb5+ Bd7 15. Qf3 Bxb5 16. Ncxb5 $13 {
Weiß verfügt zwar über gewisse Kompensation aufgrund des
Entwicklungsvorsprungs, aber es ist fraglich, ob es genug ist.}) 11... d5 12.
e5 Ne4 $13) 10... Qb7 11. c3 e5 (11... bxc3 12. Nxc3 Be7 13. b4 Qxb4 14. a5 $1
(14. Rb1 Qa5 15. Nb3 Qc7 16. a5 Bd7 17. Qd2 O-O 18. Rfc1 $44) 14... O-O 15. Qd2
Qb7 16. Rfb1 Qc7 17. Rc1 Qd8 18. Na4 $16 {Zhang Pengxiang - Markowski (Merida,
2005)}) 12. Nb3 bxc3 (12... Nc6 13. cxb4 Nxb4 14. Na5 Qb8 15. Nxb4 Qxb4 16. Nc4
$16) (12... a5 $5 {sieht zwar absourd aus, ist aber nicht so einfach zu
widerlegen} 13. cxb4 axb4 14. Bb5+ Bd7 15. Nxb4 Bxb5 16. axb5 Rxa1 17. Nxa1
Qxb5 18. Nd5 $14) 13. Nxc3 Nc6 (13... Be6 $5 {wäre womöglich stärker gewesen,
um den weißen Läufer nicht über c4 auf d5 rauszulassen} 14. Na5 $1 (14. Nd2
Nbd7 15. Nc4 Rc8 $13) 14... Qb4 15. Nd5 Bxd5 (15... Qxa5 16. Bb6 $18) 16. Bd2
Qb6 17. exd5 Nbd7 18. b4 $14) 14. Bc4 Be7 (14... Be6 15. Nd5 $1 Nxe4 (15...
Bxd5 16. Bxd5 Nxd5 17. Qxd5 Rb8 18. Rfc1 $16) 16. Rc1 $36) 15. Nd5 Be6 16.
Nxf6+ gxf6 17. Bd5 (17. Bxe6 {verspricht Weiß nicht so viel} fxe6 18. Qh5+ Kd7
19. Nd2 Rag8 $132) 17... Bxd5 18. Qxd5 $14 {Bei dem Bauernstruktur hat Weiß
natürlich großen Vorteil.} Rb8 19. Nd2 Nb4 20. Qc4 Rg8 21. g3 d5 22. exd5 Qxd5
23. Qe2 f5 24. Rad1 Qe6 25. Nc4 f4 26. Bd2 Nc6 27. Bc3 e4 28. Nd2 e3 29. Nf3
Bc5 30. Kg2 exf2 31. Qxe6+ fxe6 32. Nd2 fxg3 33. Ne4 gxh2+ 34. Kxh2 Be7 35.
Rxf2 Rg6 36. Nd6+ Bxd6+ 37. Rxd6 Rc8 38. Bf6 Kf7 39. Bh4+ Kg7 40. Rc2 e5 41.
Rxg6+ hxg6 42. b4 Rh8 43. Rxc6 Rxh4+ 44. Kg3 Rxb4 45. Rxa6 Kf7 46. a5 Ra4 47.
Ra8 Ra3+ 48. Kg4 Kf6 49. a6 Ra4+ 50. Kf3 Ra3+ 51. Kg4 Ra4+ 52. Kf3 Kf5 53. a7
Ra3+ 54. Ke2 Ke4 55. Kf2 g5 56. Kg2 g4 57. Kf2 Ra5 58. Kg3 Ke3 59. Re8 Rxa7 60.
Rxe5+ 1/2-1/2

[Event "FIDE World Cup"]
[Site "Khanty-Mansiysk"]
[Date "2005.12.03"]
[Round "3.1"]
[White "Van Wely, Loek"]
[Black "Radjabov, Teimour"]
[Result "1-0"]
[WhiteElo "2648"]
[BlackElo "2704"]
[Annotator "Mikhalevski,V"]
[PlyCount "79"]
[EventDate "2005.11.27"]
[EventType "k.o."]
[EventRounds "7"]
[EventCountry "RUS"]
[SourceTitle "CBM 111"]
[Source "ChessBase"]
[SourceDate "2006.04.04"]
[SourceVersion "1"]
[SourceVersionDate "2006.04.04"]
[SourceQuality "1"]

1. d4 Nf6 2. c4 g6 3. Nc3 Bg7 4. e4 d6 5. Nf3 O-O 6. Be2 e5 7. O-O Nc6 8. d5
Ne7 9. b4 Nh5 10. Re1 f5 11. Ng5 Nf6 12. f3 Kh8 {This is already not the first
time Radjabov makes this prophylactic move taking his king away from the a2-g8
diagonal and freeing the g8-square, but this time he will face a very
unpleasant surprise.} ({After the following recent game the move} 12... c6 {
doesn't look too convincing.} 13. Kh1 h6 14. Ne6 Bxe6 15. dxe6 Ne8 16. Qb3 Nc7
17. c5 d5 18. exd5 cxd5 19. Bb2 Qe8 20. a4 a6 21. Rad1 Rd8 22. Nxd5 $1 {
with a very strong initiative in Van Wely,L-Stellwagen,D, NED-ch Leeuwarden
2005/CBM 110 [Mikhalevski,V].}) 13. Ne6 $1 {A surprising novelty from van Wely,
which worked very well. Usually White is not in a hurry with this move trying
to win a tempo and so he plays Ne6 only after the knight was attacked.} (13. c5
{seems to be dangerous in view of the strong Radjabov's novelty} dxc5 $1 14.
bxc5 h6 15. Ne6 Bxe6 16. dxe6 Qd4+ 17. Qxd4 exd4 {Gymesi,Z-Radjabov,T,
Aeroflot Open 2005/CBM106[Avrukh,B] and eventually Black outplayed his
opponent earlier this year. However according to Avrukh 13...dxc5 is dubious
while White's 15.Ne6 is a mistake.}) ({Other possible moves} 13. Be3) (13. Rb1)
({and} 13. Qb3) 13... Bxe6 14. dxe6 fxe4 {Maybe later it will be discovered
that this exchange is not necessary, but right now I can't offer anything
better.} (14... Qc8 $6 {is senseless in view of} 15. Nd5 $1 {[%csl Re7]}) 15.
fxe4 Nc6 {[%cal Gc6d4] Black intends to jump to d4 in order to attack the
e6-pawn, which is very annoying.} 16. Nd5 $1 {Not allowing 16...Nd4, but
temporarily sacrificing a pawn.} Nxe4 $1 {Radjabov accepts the challenge
bravely. He's ready to check Loek's home preparation.} (16... Nd4 $4 17. e7 $18
{[%csl Rd8,Rf8]}) 17. Bf3 $1 {[%csl Rb7] The h1-a8 diagonal was opened and so
with the last two moves White exploits weakness of the b7-pawn.} Nf6 18. b5 $1
Nxd5 $1 ({Black correctly rejects} 18... e4 {which seems to lose in all lines.}
19. Bxe4 (19. bxc6 Nxd5 {could transpose to the game if Radjabov played 19...
e4 instead of 19...Nb6.}) 19... Nxd5 (19... Nxe4 20. Rxe4 $1 Bxa1 21. bxc6 {
[%cal Ge6e7] Creating a threat of e7.} Qb8 22. Bh6 Be5 23. Rxe5 $1 dxe5 24. Qa1
$1 Rf5 25. g4 $1 $18 {[%csl Re5,Rh8] with a decisive advantage for White.}) 20.
Bxd5 Bxa1 (20... Ne7 21. Rb1 Nxd5 22. cxd5 $16) 21. bxc6 Be5 (21... Qe7 22.
cxb7 Rab8 23. Be3 Bc3 24. Bd4+ Bxd4+ 25. Qxd4+ Kg8 26. Qxa7 $18 {and Black is
doomed as all his pieces are tied by defense and White's passed pawns are
extremely dangerous.}) 22. cxb7 $1 Bxh2+ $1 {The only practical chance.} (22...
Qh4 23. g3 Qd4+ ({Even worse is} 23... Bxg3 24. Bb2+ Be5 (24... Kg8 25. e7+ Rf7
26. bxa8=Q#) 25. Bxe5+ dxe5 26. bxa8=Q Qf2+ 27. Kh1 $18) 24. Be3 Qxd1 25. Rxd1
Rae8 26. Bxa7 $18 {[%cal Gd1b1,Ga2a4] with Rb1 or a4 to follow.}) 23. Kh1 $1 (
23. Kxh2 $2 {leads to perpetual.} Qh4+ 24. Kg1 Qf2+ 25. Kh2 $11) 23... Be5 (
23... Qh4 {changes nothing.} 24. Bg5 $1 Qxg5 25. bxa8=Q Rxa8 26. Bxa8 Be5 (
26... Qh4 27. Qd4+ $1 Qxd4 28. e7 $18) 27. Re4 $1 $18) 24. Qg4 $1 {[%csl Gh4]
Preventing Qh4+.} (24. Rxe5 $2 {leads to a draw after} Qh4+ 25. Kg1 Qf2+ 26.
Kh2 $11) 24... Rb8 25. Bg5 $1 Qe8 26. e7 Rf2 27. Rxe5 $1 dxe5 28. Qe2 $3 $18 {
[%csl Rh8][%cal Gg5f6] and White wins in style.}) 19. bxc6 $1 {The b-pawn aims
to b7.} ({The position after} 19. cxd5 Nd4 (19... e4 20. Rxe4 $1 Bxa1 21. dxc6
$1 {[%cal Ge6e7]} Qe7 22. cxb7 Rab8 23. Be3 $1 Bg7 24. Qd5 $1 Rf5 25. Qc6 d5
26. Bc5 $1 Qf6 27. Re1 $18 {and I doubt Black can save the position.}) 20. Be4
{[%csl Gd5,Ge6] is less clear than the game, though I believe White is still
better thanks to his protected passed pawn on e6 and a pair of bishops.}) 19...
Nb6 $2 {A loss of an important tempo, after which I see no escape.} ({Probably
Radjabov doesn't like geometry, otherwise he would definetely play} 19... e4 {
,which creates "x" letter in the c4-c6-e6-e4 square, even if it's bad:).} 20.
cxd5 (20. Bxe4 $5 Nc3 (20... Bxa1 21. Bxd5 {transposes to 18...e4.}) 21. Qc2 b6
$1 {[%csl Ra1,Rg1][%cal Gc3e2] and thanks to an idea of a discovered check on
e2 Black has chances to escape.} (21... Nxe4 22. cxb7 Bd4+ 23. Be3 Bxe3+ 24.
Rxe3 Qf6 25. Rae1 Rab8 26. Rxe4 $16 {[%csl Ge6] with a big advantage for White.
})) 20... exf3 21. gxf3 (21. e7 $4 f2+ 22. Kh1 fxe1=Q+ 23. Qxe1 Qxe7 $1 $19 {
[%csl Rh1]}) 21... Qc8 (21... Bxa1 22. e7 Qe8 23. cxb7 Rb8 24. exf8=Q+ Qxf8 25.
Bh6 $1 Qxh6 26. Qxa1+ Kg8 (26... Qg7 27. Qxg7+ Kxg7 28. Re7+ Kf6 29. Rxc7 $18 {
with a decisive advantage for White.}) 27. Qf6 $16 {and Black can hardly
breath.}) 22. cxb7 Qxb7 23. Be3 $14 {[%csl Gd5,Ge6] and White is better thanks
to his strong protected passer on e6.}) (19... Nc3 $1 {was necessary.} 20. cxb7
Rb8 (20... Nxd1 $4 {loses a rook for nothing.} 21. bxa8=Q Qxa8 22. Bxa8) (20...
e4 21. Qd2 Rb8 (21... exf3 22. e7 f2+ 23. Qxf2 $1 Rxf2 24. Kxf2 {and Black
can't avoid material losses.})) 21. Qc2 Qe8 $1 22. Bd2 Na4 $1 {[%cal Ga4c5]
aiming to come back to c5.} 23. Be3 $14 {and though Black retained material
equality White's position is better.}) 20. cxb7 Rb8 21. c5 $1 {A very
energetic play by Van Wely so far. I wouldn't be surprised if he was still in
his home preparation.} e4 {Finally Black opens up his dark-squared bishop, but
his position is already bad.} (21... dxc5 22. Qxd8 Rfxd8 23. Bb2 Nc4 24. Bc3
$16 {[%csl Gb7,Ge6] and two passed pawns on b7 and e6 ensure White a clear
advantage.}) 22. Rxe4 $1 dxc5 $1 {The only move.} (22... Bxa1 $2 {loses to} 23.
e7 Qe8 24. exf8=Q+ Qxf8 25. cxb6 $18) 23. Qxd8 $1 ({In case of} 23. e7 Qxd1+
24. Bxd1 Rfe8 $14 {Black is still alive.}) 23... Rfxd8 24. Bg5 $5 {It's
curious that starting from move 17th each White's move creates a threat.} (24.
Rb1 $5) 24... Re8 $1 {Black has to make one only move after another to keep
playing, but his position remains very difficult.} (24... Bxa1 $2 {loses to}
25. Bxd8 Rxd8 26. e7 Re8 27. Re6 $18 {with Bc6 to follow.}) 25. Rd1 Bd4+ ({
Doesn't save} 25... h6 26. Bf4 Rxb7 27. e7 Kg8 (27... Bd4+ 28. Rexd4 cxd4 29.
Bxb7 $18) 28. Re2 $1 $18 {[%csl Rb7][%cal Gf3c6]}) 26. Rexd4 $1 {Simple and
strong. White eliminates the only active piece and obtainsd a decisive
advantage.} (26. Be3 Bxe3+ 27. Rxe3 Nc4 28. Ree1 Na5 {[%cal Gc7c6,Ge8e7]})
26... cxd4 27. e7 {White intends to pick up the d4-pawn, play Bc6 and
penetrate to d8 with the rook.} h6 ({In case of} 27... c5 {White has a number
of promising options. F.e.} 28. Bc6 h6 29. Bf6+ Kg8 30. Bxe8 Rxe8 31. Bxd4 $1
cxd4 32. Rxd4 $18 {[%csl Gb7,Ge7][%cal Gd4d8] with Rd8 to follow.}) 28. Bf6+ ({
Also} 28. Bc6 {is good enough for a win.} hxg5 29. Bxe8 Nd5 30. Rxd4 Nxe7 31.
Rd7 $18) 28... Kg8 29. Rxd4 $18 {[%cal Gd4d8,Gf3c6] Black can't stop Rd8
followed by Bc6.} Kf7 30. Rd8 Nd7 $1 {Black defends resourcefully, but
unfortunately his position is too bad.} ({or} 30... Kxf6 31. Rxe8 $1 Rxe8 32.
Bc6 Rb8 33. e8=Q Rxe8 34. Bxe8 {[%csl Gb7] and eventually White promotes the
b-pawn.}) 31. Bh4 $1 ({Certainly not} 31. Rxd7 $4 Kxf6 {and Black survives.}) (
{Also} 31. Rxe8 $2 Kxe8 32. Bc6 {would be wrong in view of} Rxb7 $1 33. Bxb7
Nxf6 $17) 31... g5 32. Rxd7 Ke6 (32... gxh4 33. Bh5+ Ke6 34. Bxe8 Rxe8 35. Rd8
$18 {[%csl Gb7] Promoting the b-pawn.}) 33. Bg4+ (33. Rd8 $1 {would be more
precise.} Rbxd8 (33... Kxe7 34. Rxe8+ Kxe8 35. Bf2) 34. exd8=Q Rxd8 35. Bg4+
Ke7 36. Bf2 $18 {and White wins.}) 33... Kf6 34. Be1 Rxb7 (34... Rxe7 {is
hopeless as well.} 35. Bc3+ Kf7 36. Rxe7+ Kxe7 37. Bc8 $18) 35. Bc3+ $1 Kg6 {
Black succeeded not to lose by force, but his position remains hopeless. The
e7-pawn will decide the game.} (35... Kf7 36. Bh5+) 36. Bf3 Rb1+ 37. Kf2 {
[%cal Gd7c7,Gf3c6] White prepares Rxc7 followed by Bc6.} Rc1 38. Rxc7 {There
is no defense against Bc6.} Kf5 39. Bh5 Rc2+ 40. Kf3 {I was really impressed
by the way Van Wely smashed a 2700+ player. Moreover his opening novelty is a
serious blow on the 12...Kh8-line.} 1-0

[Event "FIDE World Cup"]
[Site "Khanty-Mansiysk"]
[Date "2005.12.04"]
[Round "3.2"]
[White "Radjabov, Teimour"]
[Black "Van Wely, Loek"]
[Result "1-0"]
[WhiteElo "2704"]
[BlackElo "2648"]
[Annotator "Finkel,A"]
[PlyCount "57"]
[EventDate "2005.11.27"]
[EventType "k.o."]
[EventRounds "7"]
[EventCountry "RUS"]
[SourceTitle "CBM 111"]
[Source "ChessBase"]
[SourceDate "2006.04.04"]
[SourceVersion "1"]
[SourceVersionDate "2006.04.04"]
[SourceQuality "1"]

1. d4 {Ftacnik} Nf6 2. c4 e6 3. Nf3 d5 4. Nc3 c5 5. cxd5 Nxd5 6. e4 Nxc3 7.
bxc3 cxd4 8. cxd4 Bb4+ 9. Bd2 Bxd2+ 10. Qxd2 O-O 11. Bc4 Nd7 12. O-O b6 13.
Rad1 Bb7 14. Rfe1 Rc8 15. Bd3 ({Another popular continuation is} 15. Bb3 {
but since White's main goal is kingside attack the bishop could me more useful
on d3.} Nf6 (15... Qf6 16. h3 Rfd8 17. Qe3 h6 18. Nh2 Qe7 19. Nf1 b5 20. d5
$132 {Illescas Cordoba,M-Ivanchuk,V/Bled 2002}) (15... Re8 16. Qf4 Qf6 17. Qd6
Red8 18. Qa3 a5 19. Ba4 Qf4 20. Qe7 Qc7 21. d5 Qc5 22. d6 $16 {Van Wely,
L-Hansen,C/Ter Apel 1993}) 16. Qf4 Qc7 17. Qh4 Rfd8 18. Re3 b5 19. Rde1 a5 {
Keres,P-Fine,R/Ostende 1937}) 15... h6 {Usually Black prefers to refrain from
this move when White is attacking on the kingside as his king becomes more
vulnerable when the pawn is on h6, but in this particular position it's
important to take square g5 under control.} (15... Re8 16. h4 h6 17. Bb5 $6 Re7
18. Bxd7 Rxd7 19. Ne5 Rdc7 20. Qf4 Qd6 $132 {Mamedyarov,S-Marcelin,C/Istanbul
2003} 21. Qg4 {Ftacnik} Rc2 $15 {1-0 Mamedyarov,S-Marcelin,C /Istanbul 2003/ 
(50)}) (15... Qe7 16. Qf4 Rc3 17. Re3 Rfc8 18. h4 Nf6 19. Ne5 $36) 16. Bb1 Re8
17. Re3 {[%cal Gf3e1,Ge3g3,Ge4e5] '!' Ftacnik. Ftacnik: 'Radjabov is choosing
a very natural idea, that nobody was trying in this very position.'} (17. h3 $6
Qc7 18. Nh2 Qc3 19. Qf4 e5 (19... Nf8 20. Re3 Ng6 21. Qg4 Qc7 22. e5 $14 {
Grooten,H-Horvath,C/Leeuwarden 1995}) 20. Qf5 Nf6 21. d5 Qb4 $11) 17... Qc7 18.
e5 ({After the natural} 18. d5 exd5 19. exd5 Qd6 {Fritz suggests a very
interesting continuation, which seems to lead to equality.} 20. Nh4 Nf6 21. Nf5
Qxd5 22. Nxh6+ Kf8 23. Qb4+ Qc5 24. Qh4 Qd5 $11) 18... Nf8 (18... Bd5 {Ftacnik}
19. Ne1 Nf8 20. Rg3 $14) 19. Ne1 Qe7 {Bringing the queen to the kingside.} (
19... Red8 {Ftacnik} 20. Rg3 Kh8 21. Qe2 (21. Qf4 f5) 21... Qe7 22. Qg4 (22.
Qh5 Nh7 23. Nf3 b5 24. h4 $14) 22... Qg5 23. Qxg5 hxg5 24. Rxg5 $14) 20. Rg3
Qh4 (20... Kh8 {Ftacnik} 21. Qf4 $14) 21. h3 f5 $6 {One of the drawbacks of 15.
..h6 is that the knight is vulnerable on g6, but it's not so easy for White to
take advantage of this fact. After the move in the game White gets more
chances to get to the black king.  Ftacnik: 'It was not easy to correctly
judge the merit of this weakening advance. The situation of the defender is
not easy and the advance of f pawn could belong to the more promissing
solutions.'} (21... Red8 $142 22. Rg4 Qh5 23. Qe3 Ng6 24. Qg3 Rc7 ({A move like
} 24... Nxe5 $5 {could be made only by a program:-)} 25. Rxg7+ Kf8 26. Rg8+ Ke7
27. Qa3+ Kd7 $13) 25. Kh2 $14) (21... Kh8 {Ftacnik} 22. Nf3 Bxf3 23. Rxf3 Rc7
24. Rg3 $16) (21... h5 {Ftacnik} 22. Qe3 Rc7 23. Nf3 Bxf3 24. Qxf3 $16) 22.
exf6 Qxf6 23. Nd3 $1 {[%csl Rg7][%cal Gd3f4,Gf4h5] The knight is heading for
h5 to attack g7.} Red8 (23... Qxd4 24. Qxh6 Red8 25. Re1 $40) 24. Nf4 Rc5 {
Covering the square h5. It was better to play} (24... Rc7 25. Qe3 (25. Nh5 $6 {
Ftacnik} Qh4) 25... e5 (25... Rcd7 $2 26. Nh5 Qh4 27. Qe5 $18) 26. Nh5 Qd6 $132
27. d5 $14 {Ftacnik}) 25. d5 $1 (25. Qe3 {Ftacnik} Rg5 $14) 25... g5 $2 {
Desperation for no objective reason. It wasn't too late for Ftacnik: 'Van Wely
was unable to withstand the pressure and played the move that is as weak at it
seems to be at a first glance. The best 25...Rc7! would care for the toughest
resistance.'} (25... Rc7 {with defendable position.} 26. Be4 {Ftacnik} Rcd7 27.
Rd3 $14) 26. h4 $1 $18 Rc4 (26... Nh7 27. Nh5 Qe5 28. Qd3 Nf8 29. hxg5 Rcxd5
30. Nf6+ $18) (26... exd5 {Ftacnik} 27. hxg5 hxg5 28. Nh5 $18) 27. Nh5 Qe5 28.
hxg5 Rxd5 29. Nf6+ 1-0